Laddar...
The physiology of growth /
| Huvudupphovsman: | |
|---|---|
| Materialtyp: | Printed Book |
| Språk: | English |
| Publicerad: |
New York :
Academic Press,
1978.
|
| Ämnen: |
| LEADER | 00504nam a2200145Ia 4500 | ||
|---|---|---|---|
| 008 | 160121b xxu||||| |||| 00| 0 eng d | ||
| 999 | |c 122602 |d 122602 | ||
| 020 | |c Rs 256.65 | ||
| 082 | |a 599.031 |2 23 | ||
| 100 | |a Gross, Richard J. | ||
| 245 | 4 | |a The physiology of growth / |c Richard J. Gross | |
| 260 | |a New York : |b Academic Press, |c 1978. | ||
| 653 | |a Human physiology | ||
| 942 | |c BK | ||
| 952 | |0 0 |1 0 |2 ddc |4 0 |6 599_031000000000000_GOS_P |7 0 |9 135725 |a LIF |b LIF |c ST1 |d 2009-08-02 |i 331 |l 0 |o 599.031 GOS/P |p LIF331 |r 2009-08-02 |y BK | ||